| 000 | 01030cam a22002774a 4500 | ||
|---|---|---|---|
| 001 | 13047590 | ||
| 003 | NUST-PNEC | ||
| 005 | 20170116180716.0 | ||
| 008 | 030103s2003 nyu d 000 0 eng | ||
| 010 | _a 2003040610 | ||
| 020 | _a0831131284 | ||
| 040 | _cPNEC | ||
| 042 | _apcc | ||
| 050 | 0 | 0 |
_aTS204 _b.P64 2003 |
| 082 | 0 | 0 |
_a671.03 POH _221 |
| 100 | 1 | _aPohanish, Richard P. | |
| 245 | 1 | 0 |
_aGlossary of metalworking terms / _cby Richard P. Pohanish |
| 250 | _a1st ed. | ||
| 260 |
_aNew York : _bIndustrial Press, _cc2003. |
||
| 300 |
_aiv, 436 p. ; _c19 cm. |
||
| 500 | _ahttp://www.amazon.com/Glossary-Metalworking-Terms-Richard-Pohanish/dp/0831131284/ref=sr_1_1?s=books&ie=UTF8&qid=1413873001&sr=1-1&keywords=0831131284 | ||
| 650 | 0 |
_aMetal-work _vDictionaries. _xME |
|
| 906 |
_a7 _bcbc _corignew _d1 _eocip _f20 _gy-gencatlg |
||
| 942 |
_2ddc _cBK |
||
| 999 |
_c61185 _d61185 |
||